Homepace Limited V Sita South East Limited (Record no. 78798)
[ view plain ]
| 000 -LEADER | |
|---|---|
| fixed length control field | 01508cfd a22002175a 4500 |
| 001 - CONTROL NUMBER | |
| control field | L138134 |
| 008 - FIXED-LENGTH DATA ELEMENTS--GENERAL INFORMATION | |
| fixed length control field | 070518s2007 xxk f w 000 0 eng d |
| 035 ## - SYSTEM CONTROL NUMBER | |
| System control number | (Sirsi) u138134 |
| 041 0# - LANGUAGE CODE | |
| Language code of text/sound track or separate title | eng |
| 245 00 - TITLE STATEMENT | |
| Title | Homepace Limited V Sita South East Limited |
| Medium | [electronic resource] |
| 260 ## - PUBLICATION, DISTRIBUTION, ETC. | |
| Date of publication, distribution, etc. | 2007 |
| 520 ## - SUMMARY, ETC. | |
| Summary, etc. | [2007] EWHC 629 (Ch), 30 March 2007. Considers whether a mineral exhaustion certificate provided by a surveyor is valid if that surveyor has departed from his terms of reference in error. The claimant submitted that it was clear from correspondence between the surveyor and defendant that the surveyor had misunderstood the task given and had performed his valuation upon only the crushed rock and not upon all materials as instructed. The defendant argued that the certificate had been granted and was final. "Held": It was found that since the surveyor had departed from his instructions and given his valuation based on different materials to those intended, the certificate was null and not binding. The claim was upheld. |
| 590 ## - LOCAL NOTE (RLIN) | |
| Local note | KA |
| 650 24 - SUBJECT ADDED ENTRY--TOPICAL TERM | |
| Topical term or geographic name entry element | HOMEPACE LTD V SITA SOUTH EAST LTD |
| 650 24 - SUBJECT ADDED ENTRY--TOPICAL TERM | |
| Topical term or geographic name entry element | UNIVERSITIES SUPERANNUATION SCHEME LTD V MARKS & SPENCER PLC |
| 650 24 - SUBJECT ADDED ENTRY--TOPICAL TERM | |
| Topical term or geographic name entry element | JONES V SHERWOOD COMPUTER SERVICES PLC |
| 651 #4 - SUBJECT ADDED ENTRY--GEOGRAPHIC NAME | |
| Geographic name | England and Wales |
| Chronological subdivision | 1543- |
| 690 ## - LOCAL SUBJECT ADDED ENTRY--TOPICAL TERM (OCLC, RLIN) | |
| Topical term or geographic name as entry element | ENVIRONMENTAL AND LAND CONSULTANCY-MINERAL RESOURCE MANAGEMENT-MINERALS SURVEYING |
| 856 40 - ELECTRONIC LOCATION AND ACCESS | |
| Uniform Resource Identifier | <a href="https://www.bailii.org/ew/cases/EWHC/Ch/2007/629.html">https://www.bailii.org/ew/cases/EWHC/Ch/2007/629.html</a> |
| Public note | View the article free of charge at www.bailii.org... |
| 942 ## - ADDED ENTRY ELEMENTS (KOHA) | |
| Suppress in OPAC | 0 |
| Withdrawn status | Lost status | Source of classification or shelving scheme | Damaged status | Not for loan | Home library | Current library | Shelving location | Date acquired | Total Checkouts | Full call number | Barcode | Date last seen | Copy number | Price effective from | Koha item type |
|---|---|---|---|---|---|---|---|---|---|---|---|---|---|---|---|
| Dewey Decimal Classification | Virtual | Virtual | Online | 18/05/2007 | ONLINE PUBLICATION | 138134-1001 | 06/08/2019 | 1 | 06/08/2019 | Law report |